00481 2200169 4500001002100000008004100021035002000062245007000082100002500152260004400177300001300221020002200234084001400256082000800270650001400278990001900292INLIS000000000003141 ind  a0010-0724003141 aMenjadi Muslim Profesional Sesuai Al- QurancMuhammad Muhsin Muiz aMuhammad Muhsin Muiz aJakartabPT Elex Media Komputindoc2014 a194 hlm. a978-602-02-4991-9 a370 MUH m a370 aNon Fiksi aP29/CP/24/3141